Les Garrigues : diagnosi comarcal / de Romà Pujadas i Rúbies ; amb la col·laboració de Rafael Fando i Mestre ... [et al.] diagnosi comarcal / de Romà Pujadas i Rúbies ; amb la col·laboració de Rafael Fando i Mestre ... [et al.]
Publicado:
Barcelona :
Generalitat de Catalunya. Departament de Política Territorial i Obres Públiques. Direcció General de Política Territorial. Servei d'Acció Comarcal ,
1984
Descripción Física:
192 p. : amb map. ; 30 cm
Otros Autores:
Fando Mestre, Rafael
Materias:
Garrigues -- Condicions econòmiques
MARC
| LEADER | 00000nam a2200000Ia 4500 | ||
|---|---|---|---|
| 001 | 1564 | ||
| 008 | 160829s1984 xx 000 0 cat d | ||
| 080 | |a M-1-86 | ||
| 100 | |a Pujadas i Rúbies, Romà |9 26240 | ||
| 245 | |a Les Garrigues : |b diagnosi comarcal / de Romà Pujadas i Rúbies ; amb la col·laboració de Rafael Fando i Mestre ... [et al.] | ||
| 260 | |a Barcelona : |b Generalitat de Catalunya. Departament de Política Territorial i Obres Públiques. Direcció General de Política Territorial. Servei d'Acció Comarcal, |c 1984 | ||
| 300 | |a 192 p. : |b amb map. ; |c 30 cm | ||
| 650 | |a Garrigues |x Condicions econòmiques |9 23942 | ||
| 700 | |a Fando Mestre, Rafael |9 23943 | ||
| 901 | |a Arxiu | ||
| 942 | |n 1 | ||
| 952 | |0 0 |1 0 |4 0 |6 M186 |7 1 |9 42922 |a Arxiu |b Arxiu |d 2016-12-01 |l 0 |o M-1-86 |p 1564 |r 2016-12-01 00:00:00 |w 2016-12-01 |y ARXIU | ||
| 999 | |c 45428 |d 45428 | ||